00804cam a22002177a 4500003000500000005001700005008004100022010001000063011001000073035001000083040000900093100003100102245013700133260004200270300003100312500001100343502009000354650003600444650003700480710006900517CHAP20220817043239.0971013s1989 r 00010 d a69496 a70468 a79949 cCHAP00aPonce Vázquez, Josefina.13aLa instrumentación de la política agrícola en México durante el período 1965-1986b: un enfoque de análisis multivariado aMontecillo, Méx. :bEl autor,c1989 a130 h.b: ilus. ; gráfs. a34-151 aTesis (Maestro en Ciencias Esp. en Economía Agrícola) -- CP. Centro de Economía14aAgricultura y EstadoxMéxico.14aPolítica agrícolazMéxico.0 aColegio de Postgraduados. Chapingo, Méx. Centro de Economía.